000 00236nam a2200085 4500
001 1254195
005 20251105091752.0
245 _aYOL GÖSTERİCİ KUTSAL KİTAPLAR
_cHATİCE DEMİRBAĞ
260 _bDİYANET İŞLERİ BAŞKANLIĞI YAYINLARI
999 _c1254195
_d1254195